00698nam a2200241Ia 4500003000900000008004100009040001300050040001300063041000800076100001900084100000700103245004400110250001000154260001500164260000900179300001100188300001000199490002100209490000600230942000700236999001700243952019600260IT-RoPAU120407s9999 xx 000 0 und d aIT-RoPAU cIT-RoPAU afra aM. J. Lagrange cop aSaint Paul. Epitres aux Romains. 4. ed. aParis aJ. Gabalda c1931 a403 p. c24 cm aEtudes bibliques v1 cBK c34141d34141 00102ddc406222_15200000000000071aPAULUSbPAULUSd2012-04-11l0o222.152r2012-04-11 00:00:00w2012-04-11yBKzInserito da: Jole In data: 30 luglio 2011 fondo: Via A.Severo 56 Progr:31729